ARRUPE JESUIT UNIVERSITY

CORONAVIRUS -STOP THE SPREAD - CLEAN,DISINFECT,COVER

The extended mind (Record no. 121927)

MARC details
000 -LEADER
fixed length control field 02487cam a2200421 a 4500
001 - CONTROL NUMBER
control field 11007360
003 - CONTROL NUMBER IDENTIFIER
control field ARRUPE
005 - DATE AND TIME OF LATEST TRANSACTION
control field 20150205104045.0
006 - FIXED-LENGTH DATA ELEMENTS--ADDITIONAL MATERIAL CHARACTERISTICS--GENERAL INFORMATION
fixed length control field m d
007 - PHYSICAL DESCRIPTION FIXED FIELD--GENERAL INFORMATION
fixed length control field cr n
008 - FIXED-LENGTH DATA ELEMENTS--GENERAL INFORMATION
fixed length control field 090908s2010 mau sb 001 0 eng d
015 ## - NATIONAL BIBLIOGRAPHY NUMBER
National bibliography number GBB049341
Source bnb
016 7# - NATIONAL BIBLIOGRAPHIC AGENCY CONTROL NUMBER
Record control number 015529283
Source Uk
020 ## - INTERNATIONAL STANDARD BOOK NUMBER
International Standard Book Number 9780262014038 (hardcover : alk. paper)
020 ## - INTERNATIONAL STANDARD BOOK NUMBER
International Standard Book Number 0262014033 (hardcover : alk. paper)
035 ## - SYSTEM CONTROL NUMBER
System control number (WaSeSS)ssj0000417457
040 ## - CATALOGING SOURCE
Original cataloging agency DLC
Transcribing agency DLC
Modifying agency UKM
-- C#P
-- YDXCP
-- BWX
-- CDX
-- ERASA
-- DLC
-- WaSeSS
050 #4 - LIBRARY OF CONGRESS CALL NUMBER
Classification number BD418.3
Item number .E86 2010
082 00 - DEWEY DECIMAL CLASSIFICATION NUMBER
Classification number 128/.2
Edition number 22
100 ## - MAIN ENTRY--PERSONAL NAME
Personal name Menary, Richard.
9 (RLIN) 14754
210 10 - ABBREVIATED TITLE
Abbreviated title The extended mind
245 04 - TITLE STATEMENT
Title The extended mind
Medium [electronic resource] /
Statement of responsibility, etc edited by Richard Menary.
260 ## - PUBLICATION, DISTRIBUTION, ETC. (IMPRINT)
Place of publication, distribution, etc Cambridge, Mass. :
Name of publisher, distributor, etc MIT Press,
Date of publication, distribution, etc c2010.
490 1# - SERIES STATEMENT
Series statement Life and mind
500 ## - GENERAL NOTE
General note "A Bradford book."
504 ## - BIBLIOGRAPHY, ETC. NOTE
Bibliography, etc Includes bibliographical references and index.
505 0# - FORMATTED CONTENTS NOTE
Formatted contents note Introduction: the extended mind in focus / Richard Menary -- The extended mind / Andy Clark and David J. Chalmers -- Memento's revenge : the extended mind, extended / Andy Clark -- Defending the bounds of cognition / Fred Adams and Ken Aizawa -- Coupling, constitution and the cognitive kind : a reply to Adams and Aizawa / Andy Clark -- The varieties of externalism / Susan Hurley -- The alleged coupling-constitution fallacy and the mature sciences / Don Ross and James Ladyman -- Meaning making and the mind of the externalist / Robert A. Wilson -- Exograms and interdisciplinarity : history, the extended mind, and the civilizing process / John Sutton -- Cognitive integration and the extended mind / Richard Menary -- In defence of extended functionalism / Michael Wheeler -- Consciousness, broadly construed / Mark Rowlands -- The extended infant: utterance-activity and distributed cognition / David Spurrett and Stephen Cowley -- Representation in extended cognitive systems : does the scaffolding of language extend the mind? / Robert D. Rupert -- The extended mind, the concept of belief, and epistemic credit / John Preston.
506 ## - RESTRICTIONS ON ACCESS NOTE
Terms governing access License restrictions may limit access.
650 ## - SUBJECT ADDED ENTRY--TOPICAL TERM
Topical term or geographic name as entry element Externalism(Philosophy of mind)
9 (RLIN) 14860
650 ## - SUBJECT ADDED ENTRY--TOPICAL TERM
Topical term or geographic name as entry element Cognition
General subdivision Philosophy
9 (RLIN) 14756
650 ## - SUBJECT ADDED ENTRY--TOPICAL TERM
Topical term or geographic name as entry element Philosophy of mind
9 (RLIN) 14861
700 1# - ADDED ENTRY--PERSONAL NAME
Personal name Menary, Richard.
9 (RLIN) 14758
773 #0 - HOST ITEM ENTRY
Title MIT Scholarship Online
773 #0 - HOST ITEM ENTRY
Title MIT CogNet
830 #0 - SERIES ADDED ENTRY--UNIFORM TITLE
Uniform title Life and mind.
9 (RLIN) 14759
910 ## - USER-OPTION DATA (OCLC)
User-option data Library of Congress record
942 ## - ADDED ENTRY ELEMENTS (KOHA)
Source of classification or shelving scheme Library of Congress Classification
Koha item type Monograph ( Printed materials)
Holdings
Withdrawn status Lost status Source of classification or shelving scheme Damaged status Not for loan Collection code Home library Current library Shelving location Date acquired Total Checkouts Full call number Barcode Date last seen Date checked out Price effective from Koha item type
    Library of Congress Classification     Main Collection ARRUPE LIBRARY ARRUPE LIBRARY Main Collection 29/01/2015 1 BD418.3 .E86 2010 46500001120 11/04/2018 03/04/2018 29/01/2015 Monograph ( Printed materials)

 

Arrupe Library. PO Box MP320 Mt Pleasant, Harare, Zimbabwe
263 242 745411|librarian@aju.ac.zw